Czech National Bank annual report 2007
Enregistré dans:
| Format: | Livre |
|---|---|
| Langue: | anglais |
| Publié: |
Praha
Czech National Bank
[2008]
|
| Sujets: | |
| Tags: |
Pas de tags, Soyez le premier à ajouter un tag!
|
MARC
| LEADER | 00000nam$a2200000$$$4500 | ||
|---|---|---|---|
| 001 | 0078001 | ||
| 005 | 20231114125404.6 | ||
| 020 | |a 978-80-87225-01-1 | ||
| 041 | 0 | |a eng | |
| 044 | |a CZ | ||
| 245 | 1 | 0 | |a Czech National Bank |b annual report 2007 |
| 264 | 1 | |a Praha |b Czech National Bank |c [2008] | |
| 300 | |a 80 s. | ||
| 610 | 2 | 0 | |a pracovníci riadiaci |
| 610 | 2 | 0 | |a štruktúra organizačná |
| 610 | 2 | 0 | |a banky |
| 610 | 2 | 0 | |a politika menová |
| 610 | 2 | 0 | |a vývoj hospodársky |
| 610 | 2 | 0 | |a politika peňažná |
| 610 | 2 | 0 | |a euro |
| 610 | 2 | 0 | |a trh finančný |
| 610 | 2 | 0 | |a operácie bankové |
| 610 | 2 | 0 | |a výskum ekonomický |
| 610 | 2 | 0 | |a stabilita finančná |
| 610 | 2 | 0 | |a štatistika |
| 610 | 2 | 0 | |a orgány štátne |
| 610 | 2 | 0 | |a spolupráca medzinárodná |
| 610 | 2 | 0 | |a komunikácia |
| 610 | 2 | 0 | |a ČNB |